000 00304nam a22001337a 4500
008 170601b xxu||||| |||| 00| 0 eng d
020 _a9780563202820
041 _aeng
080 _a94(100)
100 _a17
101 _aSHH
245 _aTHE AFRICANS A TRIPLE HERITAGE
_cMAZRUI,A.A
942 _2udc
_cBK
999 _c15360
_d15360